Welcome to the Holygrace Academy Library

Please use search bar below to get started

NANCY DREW - DANGER ON THE GREAT LAKES (Record no. 7884)

MARC details
000 -LEADER
fixed length control field 00651nam a22001457a 4500
020 ## - INTERNATIONAL STANDARD BOOK NUMBER
ISBN 978-0-689-86146-8
082 ## - DEWEY DECIMAL CLASSIFICATION NUMBER
Classification number 823
Item number KEE/N
100 ## - MAIN ENTRY--AUTHOR NAME
Personal name KEENE, CAROLYN
245 ## - TITLE STATEMENT
Title NANCY DREW - DANGER ON THE GREAT LAKES
260 ## - PUBLICATION, DISTRIBUTION, ETC. (IMPRINT)
Place of publication NEW YORK
Name of publisher ALADDIN PAPERBACKS
Year of publication 2003
300 ## - PHYSICAL DESCRIPTION
Number of Pages 152
520 ## - SUMMARY, ETC.
Summary, etc Their new friend Amber is upset because her boyfriend, Craig, is neglecting her. After a little investigating on her friend's behalf, Nancy learns that Craig is really a detective. He's been busy hunting for a mastermind diamond thief who may well be on the ship. And it turns out Craig can use some help.
650 ## - SUBJECT ADDED ENTRY--TOPICAL TERM
Topical Term MYSTERY
Geographic subdivision UNITED STATES
942 ## - ADDED ENTRY ELEMENTS (KOHA)
Koha item type Books
Holdings
Withdrawn status Lost status Collection code Home library Current library Shelving location Date acquired Source of acquisition Cost, normal purchase price Full call number Accession Number Koha item type
    Fiction Main Library Main Library NEW SHELF WITH NEW ENTRY 20/11/2023 purchase 250.00 823 KEE/N 13476 Books